000
00380nam a22001577a 4500
003
MPLRDC
005
20220104145618.0
008
210129b ||||| |||| 00| 0 eng d
082
_a
813 ZJA
100
_a
张静安编著
245
_a
新文艺知识辞典
_c
260
_a
_b
香港教育书店
_c
1960
300
_b
精
650
_a
世界文学总集
942
_c
BK
_o
813 ZJA
999
_c
51419
_d
51409